000 00238nam a22000857a 4500
999 _c516534
_d516534
100 _aMitra, Ashok
_923055
245 _aEncounter with population crisis four
_cby Ashok Mitra
260 _aNew Delhi
_bFamily Planning Fou.
_c1992
300 _a36p.